000 00538nam a2200193Ia 4500
003 BUBTL
008 151213s9999 xx 000 0 und d
082 _a813.4/ T911h/ 1992
100 _aTwain, Mark
_95011
245 _aThe Adventures of Huckleberry Finn :
_cMark Twain
250 _a1st Edn.
260 _aNew Delhi
_bMadhuban Eduction Book
_cc1992
300 _a100p. :
_b21 cm.
650 _aEnglish
700 _aMark Twain
_95134
856 _k0
_l0
_yDownload
942 _2ddc
_cBK
999 _c3759
_d3759